000
00301nam a22001337a 4500
008
170531b xxu||||| |||| 00| 0 eng d
020
_a
9780806129112
041
_a
eng
080
_a
93
100
_a
17
101
_a
shh
245
_a
SANTIAGO DE GUATEMALA, 1541-1773
_c
LUTZ, CH.H
942
_2
udc
_c
BK
999
_c
15161
_d
15161